|
|
|
|
| LEADER |
00000ckm a2200000 a 4500 |
| 001 |
vtls010272132 |
| 003 |
SK-MaSNL |
| 005 |
20260512122037.0 |
| 007 |
kp bo |
| 008 |
230706q1905 xo g kuhun |
| 015 |
|
|
|a SNBG
|
| 035 |
|
|
|a 7927FE42-7852-4ABD-B57B-948CD0574614
|
| 035 |
|
|
|a urn:nbn:sk:snk-kmxvr0
|
| 035 |
|
|
|a urn:nbn:sk:snk-km004xh1
|
| 040 |
|
|
|a SNK
|b slo
|c SNK
|e AACR2
|
| 041 |
0 |
|
|a hun
|
| 043 |
|
|
|a e-xo---
|
| 044 |
|
|
|a xo
|c SK
|
| 072 |
|
7 |
|a 913
|x Regionálna geografia
|2 konspekt
|
| 080 |
|
|
|a 913(437.6)
|2 2001
|
| 080 |
|
|
|a (084.121)
|2 2001
|
| 245 |
0 |
0 |
|a Losonc
|h grafika
|b Rákóczi-utca
|
| 260 |
|
|
|a [Slovensko?]
|b [vydavateľ neznámy]
|c [medzi 1905 a 1930?]
|
| 300 |
|
|
|a 1 pohľadnica
|b čiernobiela
|c 9x14 cm
|
| 520 |
8 |
|
|a Zobrazenie: pohľad na Rákocziho ulicu plnú ľudí v popredí koč s 2 końmi
|
| 651 |
|
7 |
|a Lučenec (Slovensko)
|2 SNKPHgeo
|9 29545
|
| 651 |
|
7 |
|a Slovensko
|2 SNKPHgeo
|9 14231
|
| 655 |
|
7 |
|a miestne pohľadnice
|2 SNKPH
|9 70510
|
| 852 |
|
|
|a Slovenská národná knižnica
|
| 958 |
|
|
|a ONDV
|
| 958 |
|
|
|a GBN
|
| 958 |
|
|
|a GC
|
| 999 |
|
|
|c 577131
|d 579061
|
| 952 |
|
|
|a SNK
|b SNK
|y PREZ
|7 0
|p 17A0692282
|o snkSP 1730
|i snk453/86
|z Pohľadnica prešla poštou.
|0 0
|1 0
|4 0
|d 2011-04-18
|f 1
|l 0
|r 2026-02-23 14:37:24
|w 2026-02-23
|